Drapeau de l'amérique centrale - Statistiques

Statistiques générales
  • Ce quiz a été pris 662 fois
  • Le résultat moyen est 4 sur 7
Statistiques - réponses
Par images Réponse % Correct
Panama
91%
Costa rica
86%
Honduras
57%
Salvador
57%
Belize
54%
Guatemala
54%
Nicaragua
36%
Aucun quiz correspondant
Distribution des résultats
% des personnes avec chaque résultat
Percentile par nombre de réponses
Votre historique - résultats
Vous n’avez pas pris ce quiz